Guess the Commercial Airliner plane - Statistics

General Stats
  • This quiz has been taken 212 times
    182 since last reset
  • The average score is 15 of 23
Answer Stats
Picture Answer % Correct
a380
86%
737
85%
a340
80%
787
78%
777
75%
a321
73%
a350
73%
757
72%
a220
72%
a319
72%
a318
71%
707
69%
747
69%
a300
68%
767
65%
717
62%
a320
62%
a330
61%
a310
52%
727
47%
CRJ
40%
ERJ
24%
EJET
10%
No matching quizzes found
Score Distribution
Percent of People with Each Score
Percentile by Number Answered
Your Score History
You have not taken this quiz since the last reset